The History of European Photography III. 1970-2000. A-I /

Na minha lista:
Detalhes bibliográficos
Main Authors: Macek, Václav (Author), Paci, Zef (Author), Moser, Walter (Author), Reut, Inna (Author)
Outros Autores: Hills, Claudio (Reviewer), Hirsh, Andreas (Reviewer), Lehtonen, Kimmo (Reviewer), Koetzle, Hans-Michael (Reviewer)
Formato: Livro
Idioma:inglês
Publicado em: Bratislava : Stredoeurópsky dom fotografie, 2016
Edição:1. vydanie
Assuntos:
Acesso em linha:http://www.historyofphotography.eu/
Tags: Adicionar Tag
Sem tags, seja o primeiro a adicionar uma tag!

MARC

LEADER 00000nam a22000003a 4500
001 0107619
003 SK-STU
005 20240112131524.6
007 ta
008 240112s ----xo-----e------000-0-----d
020 |a 978-80-85739-70-1 
040 |a STU  |b slo 
041 0 |a eng 
044 |a xo 
100 1 |a Macek, Václav  |4 aut 
245 1 0 |a The History of European Photography III. 1970-2000. A-I /  |c aut. Václav Macek, Zef Paci, Walter Moser, Inna Reut ; rec. Claudio Hills, Andreas Hirsh, Kimmo Lehtonen, Hans-Michael Koetzle 
250 |a 1. vydanie 
260 |a Bratislava :  |b Stredoeurópsky dom fotografie,  |c 2016 
300 |a 439 s. + 40 s. príl. ;  |b 2 zväzky 
650 0 7 |a fotografia 
650 0 7 |a Európa 
650 0 7 |a Česko 
650 0 7 |a fotografi 
650 0 7 |a umelecká fotografia 
650 0 7 |a dejiny umenia 
700 1 |a Paci, Zef  |4 aut 
700 1 |a Moser, Walter  |4 aut 
700 1 |a Reut, Inna  |4 aut 
700 1 |a Hills, Claudio  |4 rev 
700 1 |a Hirsh, Andreas  |4 rev 
700 1 |a Lehtonen, Kimmo  |4 rev 
700 1 |a Koetzle, Hans-Michael  |4 rev 
856 4 0 |u http://www.historyofphotography.eu/ 
996 |b 284AU09889  |c A* 13258/U  |l AAKNST  |s P  |a 0  |w 0107619_0001